|
|
|
|
| LEADER |
02143nam a2200481 a 4500 |
| 001 |
mzk03001188283 |
| 003 |
CZ BrMZK |
| 005 |
20130322143952.0 |
| 007 |
ta |
| 008 |
130321s1767 xr f |||| 0 lat d |
| 040 |
|
|
|a BOA001
|b cze
|
| 072 |
|
7 |
|a 51
|x Matematika
|2 Konspekt
|9 13
|
| 072 |
|
7 |
|a 094
|x Staré tisky
|2 Konspekt
|9 12
|
| 080 |
|
|
|a 51
|2 MRF
|
| 080 |
|
|
|a 511.1
|2 MRF
|
| 080 |
|
|
|a (0.068)094
|2 MRF
|
| 080 |
|
|
|a 025.171
|2 MRF
|
| 100 |
1 |
|
|a Schmidt, Stephan
|4 aut
|
| 245 |
1 |
0 |
|a Tabulae mathematicae matheseos purae, et architecturae utriusque principia complectens, in usum auditorum conscriptae /
|c a Stephano Schmidt e Societate Jesu in Universitate Olomucensi Matheseos Professore Facultatis Philosophicae Seniore, et examinatore Regio publ. ac Ordinario
|
| 260 |
|
|
|a Olomucii :
|b Typis Josephae Hirnlianae viduae,
|c 1767
|f (factore Martino Franc. Karletzky)
|
| 300 |
|
|
|a [4], 27 [spr. 72] s. ;
|c 8°
|
| 500 |
|
|
|a Výzdoba: Viněta nad impresem, viněty
|
| 500 |
|
|
|a Titulní list tištěn majuskulou
|
| 501 |
|
|
|a Obsahuje: Přívazek 1, Tabulae geometricae / Stephan Schmidt. -- Přívazek 2, Tabulae architecturae civilis, et militaris / Stephan Schmidt
|
| 561 |
|
|
|a Provenience: [razítko] nečitelné
|
| 563 |
|
|
|a Papírová vazba
|
| 650 |
|
7 |
|a matematika
|7 ph117231
|2 czenas
|
| 650 |
|
7 |
|a aritmetika
|7 ph118605
|2 czenas
|
| 655 |
|
7 |
|a staré tisky
|7 fd422076
|2 czenas
|
| 650 |
|
7 |
|a historické knihovní fondy
|7 ph172933
|2 czenas
|
| 856 |
4 |
1 |
|u https://imageserver.mzk.cz/mzk03/001/188/283/328100210020.titul
|y Digitalizovaný dokument
|
| 903 |
|
|
|a RP
|
| 910 |
|
|
|e BOE950
|c R - N. I. bb. 15
|
| 978 |
|
|
|b Hirnleová, Josefa Terezie
|a Olomouc
|c 1767
|
| 978 |
|
|
|b Karlecký, Martin František
|a Olomouc
|c 1767
|
| 984 |
|
|
|a Olomouc
|b Česko
|
| 985 |
|
|
|a 1751-1800
|
| 990 |
|
|
|a BK
|
| 996 |
|
|
|e BOE950
|c R - N. I. bb. 15
|
| 980 |
|
|
|c 210020
|g R - N. I. bb. 15
|1 328100210020
|p N. 8001
|
| 991 |
|
|
|k rajhrad
|
| 994 |
|
|
|a DN
|l MZK03
|b 001188319
|m záznam 1. díla (pro objednání pokračujte kliknutím)
|n přívazek 1
|
| 994 |
|
|
|a DN
|l MZK03
|b 001188320
|m záznam 1. díla (pro objednání pokračujte kliknutím)
|n přívazek 2
|